| 000 | 00377nam a22001697a 4500 | ||
|---|---|---|---|
| 005 | 20160628154304.0 | ||
| 008 | 160628b xxu||||| |||| 00| 0 eng d | ||
| 020 | _a81-203-1506-5 | ||
| 041 | _aeng | ||
| 082 | _b10786 | ||
| 100 |
_aCharland, William _93109 |
||
| 245 | _aChaaning Careers | ||
| 260 |
_bPHI _c1999 |
||
| 300 | _a309 | ||
| 650 |
_aManagement _9241 |
||
| 942 | _cBK | ||
| 999 |
_c4534 _d4533 |
||